000 01506nam a2200361 i 4500
001 000022027
003 DO-SdBNP
005 20251113093025.0
007 ta
008 100916s1997 dr c 000 0 spa d
040 _aDO-SdBNP
_bspa
_cBNPHU
_erda
041 _aspa
082 4 _a027.7097293
_bP328h
_222
100 1 _aPaulino Ramos, Alejandro,
_d1951-
_eautor
_4aut.
_9325
245 1 0 _aHistoria de la primera biblioteca universitaria de Santo Domingo /
_cAlejandro Paulino Ramos ; prólogo, Ramón Pereyra C.
264 1 _aSanto Domingo :
_bUniversitaria-UASD,
_c1997.
300 _a62 páginas :
_bretratos ;
_c21 cm.
336 _atexto
_btxt
_2rdacontent
337 _asin mediación
_bn
_2rdamedia
338 _avolumen
_bnc
_2rdacarrier
490 1 _aPublicaciones de la Universidad Autónoma de Santo Domingo
_v843
490 1 _aArchivo histórico
_v8
500 _aIncluye datos biográficos del autor en la contracubierta
504 _aBibliografía : páginas 59-60
590 _aInventariado, 2018/DG
610 1 4 _aBiblioteca Fray Bartolomé de las Casas
_xHistoria
_945668
650 4 _aBibliotecas académicas
_xHistoria
_zRepública Dominicana
_948382
650 4 _aBibliotecas académicas
_xHistoria.
_zRepública Dominicana
_988785
700 1 _aPereyra C., Ramón,
_eprologuista
_4pr.
_945670
710 2 _aUniversidad Autónoma de Santo Domingo
_972951
830 0 _aPublicaciones de la Universidad Autónoma de Santo Domingo
_v843
_pArchivo histórico
_n8
_945671
942 _2ddc
_cLBS1
999 _c21525
_d21525